[Event "GER T258-B89-S email"]
[Site "GER email"]
[Date "2017.07.10"]
[Round "?"]
[White "Siemes, Robert"]
[Black "Billinger, Werner"]
[Result "1-0"]
[WhiteElo "2013"]
[BlackElo "1985"]
[PlyCount "75"]
[EventDate "2017.07.10"]
[EventType "tourn (corr)"]
[EventRounds "8"]
[EventCountry "GER"]
[SourceTitle "Corr 2020"]
[Source "ChessBase"]
[SourceDate "2019.09.30"]
[SourceVersion "1"]
[SourceVersionDate "2019.09.30"]
[SourceQuality "1"]

1. e4 c5 2. Nf3 Nc6 3. d4 cxd4 4. Nxd4 Nf6 5. Nc3 d6 6. Bc4 e6 7. Be3 a6 8. Qe2 Qc7 9. 0-0-0 Na5 10. Bd3 b5 11. a3 Rb8 12. g4 Nd7 13. f4 Nc5 14. Rhe1 Bd7 15. Nf5 Nc6 16. Nd5 Qa5 17. Bd2 Qa4 18. Bb4 Nxb4 19. axb4 Nxd3+ 20. Rxd3 exd5 21. exd5+ Kd8 22. Qe3 Qxb4 23. Rc3 Qa5 24. Nh6 gxh6 25. Qd4 Be7 26. Qxh8+ Be8 27. Kb1 Rb7 28. f5 b4 29. Rce3 b3 30. cxb3 Qd2 31. f6 Rxb3 32. fxe7+ Kd7 33. R3e2 Qxd5 34. Rc2 Qd3 35. Kc1 Rb8 36. Qf6 Rb5 37. Qf2 Qd5 38. Kb1 1-0

[Event "GER T265-C92-S email"]
[Site "GER email"]
[Date "2017.06.06"]
[Round "?"]
[White "Nitschke, Norbert"]
[Black "Siemes, Robert"]
[Result "0-1"]
[WhiteElo "1801"]
[BlackElo "2013"]
[PlyCount "38"]
[EventDate "2017.06.08"]
[EventType "tourn (corr)"]
[EventRounds "8"]
[EventCountry "GER"]
[SourceTitle "Corr 2020"]
[Source "ChessBase"]
[SourceDate "2019.09.30"]
[SourceVersion "1"]
[SourceVersionDate "2019.09.30"]
[SourceQuality "1"]

1. e4 e5 2. Nf3 Nc6 3. Bb5 a6 4. Ba4 Nf6 5. 0-0 Be7 6. Re1 b5 7. Bb3 d6 8. c3 0-0 9. h3 Nb8 10. d4 Nbd7 11. Nbd2 Bb7 12. a4 c5 13. Qe2 cxd4 14. cxd4 exd4 15. axb5 d3 16. Qxd3 Nc5 17. Qe2 Nxb3 18. Nxb3 axb5 19. Nbd4 Rxa1 0-1

[Event "GER T265-C92-S email"]
[Site "GER email"]
[Date "2017.06.06"]
[Round "?"]
[White "Schild, Reinhard"]
[Black "Siemes, Robert"]
[Result "1/2-1/2"]
[WhiteElo "1926"]
[BlackElo "2013"]
[PlyCount "66"]
[EventDate "2017.06.08"]
[EventType "tourn (corr)"]
[EventRounds "8"]
[EventCountry "GER"]
[SourceTitle "Corr 2020"]
[Source "ChessBase"]
[SourceDate "2019.09.30"]
[SourceVersion "1"]
[SourceVersionDate "2019.09.30"]
[SourceQuality "1"]

1. e4 e5 2. Nf3 Nc6 3. Bb5 a6 4. Ba4 Nf6 5. 0-0 Be7 6. Re1 b5 7. Bb3 d6 8. c3 0-0 9. h3 Bb7 10. d4 Re8 11. a4 Qd7 12. Nbd2 exd4 13. cxd4 Bf8 14. axb5 axb5 15. Rxa8 Bxa8 16. Ng5 Nd8 17. e5 Nd5 18. Ndf3 h6 19. Ne4 Nb4 20. Qd2 Bd5 21. Qxb4 Bxe4 22. Rxe4 d5 23. Qe1 dxe4 24. Qxe4 c5 25. d5 g6 26. Bc2 f5 27. Qd3 Bg7 28. Bf4 g5 29. Bg3 f4 30. Qh7+ Kf8 31. Bxf4 gxf4 32. Be4 Nf7 33. e6 Rxe6 1/2-1/2

[Event "GER T265-C92-S email"]
[Site "GER email"]
[Date "2017.06.06"]
[Round "?"]
[White "Siemes, Robert"]
[Black "Langer, Raimund"]
[Result "1-0"]
[WhiteElo "2013"]
[BlackElo "2135"]
[PlyCount "127"]
[EventDate "2017.06.08"]
[EventType "tourn (corr)"]
[EventRounds "8"]
[EventCountry "GER"]
[SourceTitle "Corr 2020"]
[Source "ChessBase"]
[SourceDate "2019.09.30"]
[SourceVersion "1"]
[SourceVersionDate "2019.09.30"]
[SourceQuality "1"]

1. e4 e5 2. Nf3 Nc6 3. Bb5 a6 4. Ba4 Nf6 5. 0-0 Be7 6. Re1 b5 7. Bb3 d6 8. c3 0-0 9. h3 Bb7 10. d4 Re8 11. Nbd2 Bf8 12. d5 Nb8 13. Nf1 Nbd7 14. N3h2 Nc5 15. Bc2 c6 16. b4 Ncd7 17. dxc6 Bxc6 18. Bg5 Qc7 19. Bxf6 Nxf6 20. Ng4 Nxg4 21. hxg4 a5 22. Ne3 Reb8 23. Bb3 axb4 24. cxb4 Bxe4 25. Nd5 Bxd5 26. Qxd5 Ra7 27. Rac1 Qd7 28. Qf3 g6 29. Rc6 Re8 30. Bd5 Bh6 31. Rd1 Rb8 32. Bb3 Bf8 33. g3 Qd8 34. Qd5 Kg7 35. Kg2 Qd7 36. Rdc1 Rbb7 37. Qe4 Be7 38. Rh1 Bg5 39. Rd1 Be7 40. Qf3 Bf8 41. Bd5 Rb8 42. Rdc1 h6 43. R1c3 Kh7 44. Qe4 Bg7 45. Rf3 Rf8 46. Rb6 Kh8 47. Qe2 Qxg4 48. Qxb5 Re7 49. Rb8 e4 50. Rf4 Qg5 51. Rxe4 Rxe4 52. Bxe4 Rxb8 53. Qxb8+ Kh7 54. Qxd6 Qe5 55. Qc6 Qb2 56. Qc4 f5 57. Bd3 Qd4 58. a4 Qxc4 59. Bxc4 Bc3 60. b5 Ba5 61. f4 Kg7 62. Kf1 Kf6 63. Ke2 Ke7 64. Bg8 1-0

[Event "GER MS-263 email"]
[Site "GER email"]
[Date "2017.05.31"]
[Round "?"]
[White "Bartsch, Reinhard Andrea"]
[Black "Siemes, Robert"]
[Result "1/2-1/2"]
[WhiteElo "1970"]
[BlackElo "2013"]
[PlyCount "51"]
[EventDate "2017.06.06"]
[EventType "tourn (corr)"]
[EventRounds "6"]
[EventCountry "GER"]
[SourceTitle "Corr 2020"]
[Source "ChessBase"]
[SourceDate "2019.09.30"]
[SourceVersion "1"]
[SourceVersionDate "2019.09.30"]
[SourceQuality "1"]

1. c4 Nf6 2. d4 e6 3. Nf3 d5 4. g3 Be7 5. Bg2 0-0 6. 0-0 dxc4 7. Ne5 Nc6 8. Bxc6 bxc6 9. Nxc6 Qe8 10. Nxe7+ Qxe7 11. Qa4 e5 12. dxe5 Qxe5 13. Nc3 Ne4 14. Qxc4 Nxc3 15. Qxc3 Qxe2 16. Re1 Qb5 17. Re5 Qd7 18. f3 Bb7 19. Be3 Rfe8 20. Bd4 Rxe5 21. Bxe5 f6 22. Bxc7 Qd5 23. Kf2 Rc8 24. Rc1 Rxc7 25. Qxc7 Qxf3+ 26. Ke1 1/2-1/2

[Event "GER MS-263 email"]
[Site "GER email"]
[Date "2017.05.31"]
[Round "?"]
[White "Gronemann, Joern"]
[Black "Siemes, Robert"]
[Result "1/2-1/2"]
[WhiteElo "1951"]
[BlackElo "2013"]
[PlyCount "95"]
[EventDate "2017.06.06"]
[EventType "tourn (corr)"]
[EventRounds "6"]
[EventCountry "GER"]
[SourceTitle "Corr 2020"]
[Source "ChessBase"]
[SourceDate "2019.09.30"]
[SourceVersion "1"]
[SourceVersionDate "2019.09.30"]
[SourceQuality "1"]

1. e4 c5 2. Nf3 d6 3. d4 cxd4 4. Nxd4 Nf6 5. Nc3 a6 6. Bg5 e6 7. f4 h6 8. Bh4 Qb6 9. a3 Be7 10. Bf2 Qc7 11. Qf3 Nbd7 12. 0-0-0 b5 13. g4 Bb7 14. Bg2 g5 15. h4 gxf4 16. g5 Ne5 17. Qxf4 Nfg4 18. g6 Rf8 19. Rhf1 fxg6 20. Nxe6 Rxf4 21. Nxc7+ Kd7 22. Nxa8 Rxf2 23. Nb6+ Kc6 24. Nbd5 Bxh4 25. Rxf2 Nxf2 26. Rf1 Nc4 27. Re1 Kc5 28. Re2 h5 29. Nf4 Ne5 30. Ncd5 Bxd5 31. Nxd5 Kc6 32. Kb1 Kd7 33. a4 bxa4 34. Ka2 Bg3 35. Ka3 Nd1 36. Bh3+ Kc6 37. Bf1 h4 38. c3 Nc4+ 39. Kxa4 Ncxb2+ 40. Kb3 Nd3 41. Kc2 N1f2 42. Ne7+ Kd7 43. Nxg6 Ke6 44. Re3 Nc5 45. Rf3 Ncxe4 46. Bxa6 h3 47. Bc8+ Kd5 48. Rxg3 1/2-1/2

[Event "GER MS-263 email"]
[Site "GER email"]
[Date "2017.05.31"]
[Round "?"]
[White "Siemes, Robert"]
[Black "Rohde, Friedhelm"]
[Result "1-0"]
[WhiteElo "2013"]
[BlackElo "2019"]
[PlyCount "87"]
[EventDate "2017.06.06"]
[EventType "tourn (corr)"]
[EventRounds "6"]
[EventCountry "GER"]
[SourceTitle "Corr 2020"]
[Source "ChessBase"]
[SourceDate "2019.09.30"]
[SourceVersion "1"]
[SourceVersionDate "2019.09.30"]
[SourceQuality "1"]

1. e4 e6 2. d4 d5 3. Nc3 Nf6 4. e5 Nfd7 5. f4 c5 6. Nf3 Nc6 7. Be3 cxd4 8. Nxd4 Qb6 9. Qd2 Qxb2 10. Rb1 Qa3 11. Bb5 Nxd4 12. Bxd4 a6 13. Bxd7+ Bxd7 14. Rb3 Qe7 15. Rxb7 Rc8 16. 0-0 Qa3 17. Rfb1 Bc5 18. Ne2 h6 19. f5 exf5 20. h3 Bxd4+ 21. Nxd4 Rc4 22. e6 fxe6 23. Qf4 Qe7 24. Qb8+ Rc8 25. Qa7 Rf8 26. Rb8 Qd6 27. R1b6 Qg3 28. R6b7 Qe1+ 29. Kh2 Qe5+ 30. g3 Kf7 31. Rxd7+ Kg6 32. Rxc8 Rxc8 33. Re7 Kh7 34. Rxe6 Rxc2+ 35. Nxc2 Qxe6 36. Qe3 Qc6 37. Nd4 Qc4 38. Qf2 Qc3 39. Qxf5+ Kh8 40. Qf8+ Kh7 41. Qf2 Kg8 42. h4 a5 43. Ne6 Qa3 44. Qd2 1-0

[Event "GER T260-E92-S email"]
[Site "GER email"]
[Date "2017.05.16"]
[Round "?"]
[White "Fritsche, Frank"]
[Black "Siemes, Robert"]
[Result "1/2-1/2"]
[WhiteElo "2137"]
[BlackElo "2013"]
[PlyCount "43"]
[EventDate "2017.05.20"]
[EventType "tourn (corr)"]
[EventRounds "8"]
[EventCountry "GER"]
[SourceTitle "Corr 2020"]
[Source "ChessBase"]
[SourceDate "2019.09.30"]
[SourceVersion "1"]
[SourceVersionDate "2019.09.30"]
[SourceQuality "1"]

1. d4 Nf6 2. c4 g6 3. Nc3 Bg7 4. e4 d6 5. Nf3 0-0 6. Be2 e5 7. dxe5 dxe5 8. Qxd8 Rxd8 9. Bg5 c6 10. Nxe5 Re8 11. 0-0-0 Na6 12. Nf3 Bg4 13. e5 Nd7 14. Rhe1 Nxe5 15. Nxe5 Rxe5 16. Bf4 Bxe2 17. Rxe2 Rxe2 18. Nxe2 Re8 19. Be3 Bf8 20. Nd4 Bc5 21. a3 Bb6 22. Kc2 1/2-1/2

[Event "GER T260-E92-S email"]
[Site "GER email"]
[Date "2017.05.16"]
[Round "?"]
[White "Offenborn, Heinz"]
[Black "Siemes, Robert"]
[Result "1/2-1/2"]
[WhiteElo "2112"]
[BlackElo "2013"]
[PlyCount "61"]
[EventDate "2017.05.20"]
[EventType "tourn (corr)"]
[EventRounds "8"]
[EventCountry "GER"]
[SourceTitle "Corr 2020"]
[Source "ChessBase"]
[SourceDate "2019.09.30"]
[SourceVersion "1"]
[SourceVersionDate "2019.09.30"]
[SourceQuality "1"]

1. d4 Nf6 2. c4 g6 3. Nc3 Bg7 4. e4 d6 5. Nf3 0-0 6. Be2 e5 7. dxe5 dxe5 8. 0-0 Nc6 9. Bg5 Qxd1 10. Rfxd1 h6 11. Be3 Kh7 12. Rac1 Be6 13. b4 Rad8 14. b5 Rxd1+ 15. Bxd1 Na5 16. Nd5 b6 17. Nd2 Rc8 18. Nb3 Nxb3 19. Nxf6+ Bxf6 20. Bxb3 c5 21. bxc6 Rxc6 22. c5 Bxb3 23. axb3 Be7 24. b4 bxc5 25. bxc5 a5 26. Kf1 a4 27. Ke2 a3 28. f3 a2 29. Ra1 Bxc5 30. Rxa2 Bxe3 31. Kxe3 1/2-1/2

[Event "GER T260-E92-S email"]
[Site "GER email"]
[Date "2017.05.16"]
[Round "?"]
[White "Ruether, Rudolf"]
[Black "Siemes, Robert"]
[Result "1/2-1/2"]
[WhiteElo "1953"]
[BlackElo "2013"]
[PlyCount "43"]
[EventDate "2017.05.20"]
[EventType "tourn (corr)"]
[EventRounds "8"]
[EventCountry "GER"]
[SourceTitle "Corr 2020"]
[Source "ChessBase"]
[SourceDate "2019.09.30"]
[SourceVersion "1"]
[SourceVersionDate "2019.09.30"]
[SourceQuality "1"]

1. d4 Nf6 2. c4 g6 3. Nc3 Bg7 4. e4 d6 5. Nf3 0-0 6. Be2 e5 7. dxe5 dxe5 8. Qxd8 Rxd8 9. Bg5 c6 10. Nxe5 Re8 11. 0-0-0 Na6 12. Rd6 Nh5 13. Nd3 Bf8 14. Rd8 Rxd8 15. Bxd8 Be6 16. Bg5 Bxc4 17. Rd1 Ng7 18. Be3 Ne6 19. f3 Bxd3 20. Rxd3 Bc5 21. Kd2 Bb6 22. Bxb6 1/2-1/2

[Event "Dortmund Sparkassen op-A"]
[Site "Dortmund"]
[Date "2015.06.30"]
[Round "4"]
[White "Siemes, Robert"]
[Black "Geerling, Anton"]
[Result "1-0"]
[WhiteElo "2090"]
[BlackElo "2001"]
[PlyCount "57"]
[EventDate "2015.06.27"]
[EventType "swiss"]
[EventRounds "9"]
[EventCountry "GER"]
[SourceTitle "CBM 167 Extra"]
[Source "ChessBase"]
[SourceDate "2015.09.14"]
[SourceVersion "1"]
[SourceVersionDate "2015.09.14"]
[SourceQuality "1"]

1. e4 e5 2. f4 exf4 3. Bc4 Nf6 4. Nc3 c6 5. Bb3 Bb4 6. Nge2 d5 7. exd5 Bg4 8. 0-0 0-0 9. d4 Re8 10. Qd3 Bxc3 11. Nxc3 Nxd5 12. Bxf4 Be6 13. Nxd5 cxd5 14. c3 Nd7 15. Qe3 Qe7 16. Rae1 Qd8 17. Bh6 g6 18. Qf3 Re7 19. Bxd5 Bxd5 20. Qxd5 Qe8 21. Rxe7 Qxe7 22. Bg5 Qe8 23. b3 Rc8 24. c4 b6 25. Qf3 Kg7 26. d5 Rc5 27. a4 a6 28. Qc3+ Kg8 29. Re1 1-0

[Event "Dortmund Sparkassen op-A"]
[Site "Dortmund"]
[Date "2015.06.29"]
[Round "3"]
[White "Pajeken, Wolfgang"]
[Black "Siemes, Robert"]
[Result "1-0"]
[WhiteElo "2312"]
[BlackElo "2090"]
[PlyCount "105"]
[EventDate "2015.06.27"]
[EventType "swiss"]
[EventRounds "9"]
[EventCountry "GER"]
[SourceTitle "CBM 167 Extra"]
[Source "ChessBase"]
[SourceDate "2015.09.14"]
[SourceVersion "1"]
[SourceVersionDate "2015.09.14"]
[SourceQuality "1"]

1. d4 d5 2. c4 c6 3. Nf3 Nf6 4. Qb3 dxc4 5. Qxc4 Bg4 6. Ne5 Be6 7. Qd3 Nbd7 8. Nf3 Nb6 9. Nc3 g6 10. e4 Bc4 11. Qc2 Bxf1 12. Kxf1 Bg7 13. Bf4 0-0 14. h3 e6 15. Ke2 Qe7 16. Rhd1 Nfd7 17. Kf1 e5 18. Bg5 f6 19. Bh4 Kh8 20. Kg1 Rad8 21. Rac1 exd4 22. Nxd4 Nc5 23. Nf3 Nbd7 24. b4 Ne6 25. Qb1 Ng5 26. Nxg5 fxg5 27. Bg3 Ne5 28. b5 h5 29. bxc6 bxc6 30. Ne2 h4 31. Rxd8 Rxd8 32. Bxe5 Qxe5 33. Rxc6 Rd2 34. Rc2 Qd6 35. Rxd2 Qxd2 36. Kf1 a5 37. a4 Qd7 38. Qb3 Qd6 39. Ng1 Qa6+ 40. Ne2 Qf6 41. g3 hxg3 42. Nxg3 Qa1+ 43. Kg2 Be5 44. Ne2 Qe1 45. Qb5 Kh7 46. Qxe5 Qxe2 47. Qd5 Qc2 48. Qd7+ Kh6 49. Qd4 Kh7 50. e5 Qc6+ 51. Kg3 Kg8 52. Qd8+ Kf7 53. Qf6+ 1-0

[Event "Dortmund Sparkassen op-A"]
[Site "Dortmund"]
[Date "2015.06.28"]
[Round "2"]
[White "Siemes, Robert"]
[Black "Schuelke, Tilman"]
[Result "1-0"]
[WhiteElo "2090"]
[BlackElo "1975"]
[PlyCount "71"]
[EventDate "2015.06.27"]
[EventType "swiss"]
[EventRounds "9"]
[EventCountry "GER"]
[SourceTitle "CBM 167 Extra"]
[Source "ChessBase"]
[SourceDate "2015.09.14"]
[SourceVersion "1"]
[SourceVersionDate "2015.09.14"]
[SourceQuality "1"]

1. e4 g6 2. d4 d6 3. Nc3 Bg7 4. f4 c6 5. Nf3 d5 6. e5 h5 7. Be3 Nh6 8. h3 b6 9. Bd3 Bf5 10. Qd2 Bxd3 11. Qxd3 Nf5 12. Bf2 h4 13. Ne2 e6 14. b3 Qc8 15. 0-0 Qa6 16. c4 Bf8 17. Qc2 Be7 18. Rfd1 0-0 19. Kh2 Nd7 20. g4 hxg3+ 21. Nxg3 Nxg3 22. Bxg3 Kg7 23. Rg1 Rh8 24. f5 exf5 25. Bf4 Rh5 26. Rg3 Rah8 27. Rag1 Nf8 28. cxd5 cxd5 29. Qc7 Qxa2+ 30. R1g2 Qa3 31. Ng5 R8h6 32. e6 f6 33. b4 Qxb4 34. Rb3 fxg5 35. Rxb4 Rxh3+ 36. Kg1 1-0

[Event "Dortmund Sparkassen op-A"]
[Site "Dortmund"]
[Date "2015.06.27"]
[Round "1"]
[White "Henrichs, Thomas"]
[Black "Siemes, Robert"]
[Result "1-0"]
[WhiteElo "2460"]
[BlackElo "2090"]
[PlyCount "89"]
[EventDate "2015.06.27"]
[EventType "swiss"]
[EventRounds "9"]
[EventCountry "GER"]
[SourceTitle "CBM 167 Extra"]
[Source "ChessBase"]
[SourceDate "2015.09.14"]
[SourceVersion "1"]
[SourceVersionDate "2015.09.14"]
[SourceQuality "1"]

1. d4 d5 2. c4 c6 3. Nf3 Nf6 4. Nc3 dxc4 5. a4 Bf5 6. e3 h6 7. Bxc4 e6 8. 0-0 Be7 9. Qe2 0-0 10. e4 Bh7 11. Rd1 Re8 12. Bf4 Nbd7 13. Bd3 Qa5 14. h3 Bb4 15. e5 Bxd3 16. Rxd3 Nd5 17. Nxd5 cxd5 18. Rb3 Rec8 19. Nh2 Nf8 20. Ng4 Ng6 21. Be3 Rc4 22. Qf3 Qc7 23. Rd3 Rc8 24. Qg3 Be7 25. Bd2 Qb6 26. Bc3 Qa6 27. a5 Bg5 28. Qf3 b5 29. g3 b4 30. Be1 Rc1 31. Rd1 Rxa1 32. Rxa1 Be7 33. Qd1 Qb5 34. h4 Rc6 35. h5 Nf8 36. Kg2 Nh7 37. f4 Qa6 38. f5 exf5 39. Ne3 Bg5 40. Nxd5 Qb7 41. a6 Rxa6 42. Rxa6 Qxa6 43. Nxb4 Qb6 44. Bc3 f4 45. gxf4 1-0

[Event "GER MS-215 email"]
[Site "GER email"]
[Date "2015.03.27"]
[Round "?"]
[White "Siemes, Robert"]
[Black "Langer, Raimund"]
[Result "0-1"]
[WhiteElo "2033"]
[BlackElo "2082"]
[PlyCount "100"]
[EventDate "2015.04.06"]
[EventType "tourn (corr)"]
[EventRounds "6"]
[EventCountry "GER"]
[SourceTitle "Corr 2020"]
[Source "ChessBase"]
[SourceDate "2019.09.30"]
[SourceVersion "1"]
[SourceVersionDate "2019.09.30"]
[SourceQuality "1"]

1. e4 e5 2. f4 exf4 3. Bc4 Nf6 4. Nc3 c6 5. d4 d5 6. exd5 cxd5 7. Bb3 Bb4 8. Nge2 0-0 9. 0-0 g5 10. g3 Bh3 11. Rf2 Bxc3 12. Nxc3 Bf5 13. gxf4 g4 14. Ne2 Ne4 15. Rg2 Nc6 16. Ng3 Nxg3 17. hxg3 Re8 18. c3 Qd7 19. Ba4 Re7 20. Bd2 Be4 21. Rh2 Qf5 22. Bb5 a6 23. Bf1 Bc2 24. Qc1 Rae8 25. b3 h5 26. Qb2 Bd3 27. Bxd3 Qxd3 28. Qb1 Qxg3+ 29. Rg2 Qh4 30. Rh2 Qf6 31. Rxh5 Nxd4 32. Qh7+ Kf8 33. Qh8+ Qxh8 34. Rxh8+ Kg7 35. Rxe8 Nf3+ 36. Kf2 Rxe8 37. Be3 Kf6 38. Rd1 Ke6 39. Bb6 Rc8 40. Rd3 Rc6 41. Ba7 b6 42. b4 f5 43. a4 d4 44. cxd4 Rc2+ 45. Kg3 Kf7 46. Re3 Nd2 47. Kf2 Ra2 48. Ke1 Nf3+ 49. Kd1 Rd2+ 50. Kc1 Rxd4 0-1

[Event "GER MS-215 email"]
[Site "GER email"]
[Date "2015.03.27"]
[Round "?"]
[White "Siemes, Robert"]
[Black "Rach, Jens"]
[Result "0-1"]
[WhiteElo "2033"]
[BlackElo "2030"]
[PlyCount "100"]
[EventDate "2015.04.06"]
[EventType "tourn (corr)"]
[EventRounds "6"]
[EventCountry "GER"]
[SourceTitle "Corr 2020"]
[Source "ChessBase"]
[SourceDate "2019.09.30"]
[SourceVersion "1"]
[SourceVersionDate "2019.09.30"]
[SourceQuality "1"]

1. e4 c5 2. Nf3 Nc6 3. d4 cxd4 4. Nxd4 Nf6 5. Nc3 e5 6. Ndb5 d6 7. Bg5 a6 8. Na3 b5 9. Nd5 Be7 10. Bxf6 Bxf6 11. c4 b4 12. Nc2 0-0 13. g3 Bg5 14. h4 Bh6 15. Bh3 Be6 16. Kf1 a5 17. Kg2 Nb8 18. Qe2 Bxd5 19. cxd5 Qb6 20. Ne1 Na6 21. Nd3 Ra7 22. Qf3 Nc5 23. Rhe1 Qb5 24. Nxc5 Qxc5 25. Bg4 Rc7 26. Re2 Qb5 27. Ree1 Qc4 28. h5 Ra8 29. Qb3 Qxb3 30. axb3 g6 31. Rab1 Rc2 32. hxg6 fxg6 33. Re2 Rxe2 34. Bxe2 Rc8 35. Bc4 Bg5 36. Kf1 Bd8 37. f3 Bb6 38. Ra1 h5 39. Kg2 Kg7 40. Rc1 Bd4 41. Rc2 Kf6 42. Kh2 g5 43. Kg2 Ke7 44. Kh3 Kd8 45. Kg2 Rc7 46. Kh3 Rc5 47. Kg2 Kc7 48. Kh3 Kb6 49. Kg2 a4 50. bxa4 Bxb2 0-1

[Event "Solingen Karneval op"]
[Site "Solingen"]
[Date "2015.02.15"]
[Round "5"]
[White "Boschek, Hans Joachim"]
[Black "Siemes, Robert"]
[Result "0-1"]
[WhiteElo "1886"]
[BlackElo "2080"]
[PlyCount "88"]
[EventDate "2015.02.13"]
[EventType "swiss"]
[EventRounds "5"]
[EventCountry "GER"]
[SourceTitle "EXT 2016"]
[Source "ChessBase"]
[SourceDate "2015.10.08"]
[SourceVersion "1"]
[SourceVersionDate "2015.10.08"]
[SourceQuality "1"]

1. c4 Nf6 2. g3 c6 3. Bg2 d5 4. cxd5 cxd5 5. Nf3 e6 6. 0-0 Be7 7. d4 0-0 8. Nc3 Nc6 9. Bg5 b6 10. Bxf6 Bxf6 11. e4 dxe4 12. Nxe4 Be7 13. Nc3 Bb7 14. d5 exd5 15. Nxd5 Na5 16. Nxe7+ Qxe7 17. Re1 Qf6 18. Qd4 Qxd4 19. Nxd4 Bxg2 20. Kxg2 g6 21. Rac1 Rfd8 22. Nf3 Rd7 23. Rc2 Nb7 24. Rce2 Kg7 25. Re7 Rad8 26. h4 h6 27. Rxd7 Rxd7 28. Re2 Nc5 29. b3 Ne6 30. Ne5 Rd5 31. Nc4 Kf6 32. Ne3 Rd4 33. Nc2 Rd7 34. Ne3 h5 35. Nc4 Rd5 36. Ne3 Rd3 37. Nc4 Rd5 38. Ne3 Rd8 39. Nc4 b5 40. Ne3 a5 41. Rc2 Rd7 42. Kf1 Ke5 43. Ng2 Rd1+ 44. Ne1 Nd4 0-1

[Event "Solingen Karneval op"]
[Site "Solingen"]
[Date "2015.02.15"]
[Round "4"]
[White "Siemes, Robert"]
[Black "Chittka, Julius"]
[Result "1/2-1/2"]
[WhiteElo "2080"]
[BlackElo "1928"]
[PlyCount "28"]
[EventDate "2015.02.13"]
[EventType "swiss"]
[EventRounds "5"]
[EventCountry "GER"]
[SourceTitle "EXT 2016"]
[Source "ChessBase"]
[SourceDate "2015.10.08"]
[SourceVersion "1"]
[SourceVersionDate "2015.10.08"]
[SourceQuality "1"]

1. e4 c5 2. Nf3 Nc6 3. d4 cxd4 4. Nxd4 g6 5. Nc3 Bg7 6. Be3 Nf6 7. Bc4 0-0 8. Bb3 a5 9. 0-0 a4 10. Nxa4 Nxe4 11. Nb5 Ra6 12. Qe2 d5 13. Rad1 e6 14. c3 Be5 1/2-1/2

[Event "Dortmund Sparkassen op-A"]
[Site "Dortmund"]
[Date "2014.07.19"]
[Round "8"]
[White "Ciornei, Dragos"]
[Black "Siemes, Robert"]
[Result "0-1"]
[WhiteElo "2154"]
[BlackElo "2051"]
[PlyCount "68"]
[EventDate "2014.07.12"]
[EventType "swiss"]
[EventRounds "9"]
[EventCountry "GER"]
[SourceTitle "CBM 161 Extra"]
[Source "ChessBase"]
[SourceDate "2014.08.29"]
[SourceVersion "1"]
[SourceVersionDate "2014.08.29"]
[SourceQuality "1"]

1. e4 c5 2. Nf3 d6 3. d4 cxd4 4. Nxd4 Nf6 5. Nc3 a6 6. f3 e5 7. Nb3 Be7 8. Be3 Be6 9. Qd2 0-0 10. 0-0-0 a5 11. Bb5 Na6 12. g4 Nc7 13. Bb6 Nd7 14. Bxd7 Qxd7 15. Kb1 a4 16. Nc1 a3 17. b3 Rfc8 18. N1e2 Ra6 19. Be3 Qc6 20. Ng3 d5 21. exd5 Nxd5 22. Nxd5 Bxd5 23. Nf5 Bf8 24. Rhg1 Bxf3 25. Rc1 Qe6 26. Qf2 Be4 27. Ng3 Bg6 28. Nf5 Rac6 29. h4 h5 30. Nh6+ Kh7 31. gxh5 Bxc2+ 32. Ka1 Bb4 33. Bd2 Bxd2 34. Qxd2 Qxh6 0-1

[Event "Dortmund Sparkassen op-A"]
[Site "Dortmund"]
[Date "2014.07.13"]
[Round "2"]
[White "Wagner, Alexej"]
[Black "Siemes, Robert"]
[Result "1-0"]
[WhiteElo "2275"]
[BlackElo "2051"]
[PlyCount "91"]
[EventDate "2014.07.12"]
[EventType "swiss"]
[EventRounds "9"]
[EventCountry "GER"]
[SourceTitle "CBM 161 Extra"]
[Source "ChessBase"]
[SourceDate "2014.08.29"]
[SourceVersion "1"]
[SourceVersionDate "2014.08.29"]
[SourceQuality "1"]

1. d4 Nf6 2. c4 c5 3. d5 e6 4. Nc3 exd5 5. cxd5 d6 6. e4 g6 7. Nf3 Bg7 8. h3 0-0 9. Bd3 b5 10. Bxb5 Nxe4 11. Nxe4 Qa5+ 12. Nfd2 Qxb5 13. Nxd6 Qa6 14. N2c4 Nd7 15. 0-0 Ne5 16. Nxe5 Qxd6 17. Nc4 Qa6 18. Ne3 Bb7 19. Qc2 Rac8 20. Bd2 Rfd8 21. Bc3 Bd4 22. Qe4 f5 23. Qh4 Bxd5 24. Nxd5 Rxd5 25. Qe7 Rcd8 26. Rfe1 R5d7 27. Qh4 Bxc3 28. bxc3 Qd3 29. Re3 Qd5 30. Rae1 Qf7 31. Re7 Rxe7 32. Rxe7 g5 33. Qxg5+ Qg6 34. Qh4 Rd1+ 35. Kh2 Qd6+ 36. f4 Qg6 37. Qf2 Rd3 38. Rxa7 Rxc3 39. Ra8+ Kg7 40. Qh4 Rd3 41. Qe7+ Kh6 42. Qf8+ Kh5 43. g4+ fxg4 44. Qxc5+ Kh6 45. Qf8+ Kh5 46. Ra5+ 1-0

[Event "GER S3G3 enginefrei email"]
[Site "GER email"]
[Date "2014.03.08"]
[Round "?"]
[White "Siemes, Robert"]
[Black "Vinken, Stefanie"]
[Result "1-0"]
[WhiteElo "2034"]
[BlackElo "1498"]
[PlyCount "39"]
[EventDate "2014.03.14"]
[EventType "tourn (corr)"]
[EventRounds "6"]
[EventCountry "GER"]
[SourceTitle "Corr 2020"]
[Source "ChessBase"]
[SourceDate "2019.09.30"]
[SourceVersion "1"]
[SourceVersionDate "2019.09.30"]
[SourceQuality "1"]

1. e4 e5 2. f4 exf4 3. Nf3 g5 4. Nc3 g4 5. Ne5 Qh4+ 6. g3 fxg3 7. Qxg4 Qxg4 8. Nxg4 d6 9. Ne3 c6 10. hxg3 Bg7 11. Bh3 Bxc3 12. bxc3 Bxh3 13. Rxh3 Nf6 14. d3 Nbd7 15. Nf5 0-0 16. Nxd6 b6 17. Bg5 c5 18. 0-0-0 Ng4 19. Rh4 Ndf6 20. e5 1-0

[Event "GER MS-192 email"]
[Site "GER email"]
[Date "2014.02.04"]
[Round "?"]
[White "Klowski, Bjoern Sigurd"]
[Black "Siemes, Robert"]
[Result "1/2-1/2"]
[WhiteElo "2187"]
[BlackElo "2034"]
[PlyCount "71"]
[EventDate "2014.02.10"]
[EventType "tourn (corr)"]
[EventRounds "6"]
[EventCountry "GER"]
[SourceTitle "Corr 2020"]
[Source "ChessBase"]
[SourceDate "2019.09.30"]
[SourceVersion "1"]
[SourceVersionDate "2019.09.30"]
[SourceQuality "1"]

1. d4 Nf6 2. c4 c5 3. d5 e6 4. Nc3 exd5 5. cxd5 d6 6. e4 g6 7. h3 Bg7 8. Nf3 0-0 9. Bd3 b5 10. Bxb5 Nxe4 11. Nxe4 Qa5+ 12. Nfd2 Qxb5 13. Nxd6 Qa6 14. N2c4 Nd7 15. 0-0 Ne5 16. Nxc8 Raxc8 17. Nxe5 Bxe5 18. Re1 Rfe8 19. Bg5 Bd4 20. Rb1 Qd6 21. Qf3 Bxb2 22. Rxe8+ Rxe8 23. Bf4 Be5 24. Re1 Re7 25. Qe4 f6 26. Qc4 Bxf4 27. Rxe7 Bh2+ 28. Kh1 Qxe7 29. Kxh2 Qd6+ 30. g3 Kf7 31. h4 h5 32. Qd3 f5 33. Qc4 Ke7 34. a4 a5 35. Kg2 Kf7 36. Kg1 1/2-1/2